000 00396nam a2200169Ia 4500
008 230516s9999 xx 000 0 und d
041 _aeng
082 _a615.19
_bGAR
100 _aGARRATT D.C
245 _aTHE QUANTITATIVE ANALYSIS OF DRUG
260 _bBOOTS PURE DRUG COMP.LTD
300 _a670
365 _h20
500 _aPB
520 _aPA
650 _aPHARMACEUTICAL ANALYSIS
999 _c362728
_d362728